| 000 | 00000nam##2200000za#4500 |
| 001 | 9.699535 |
| 003 | CaOODSP |
| 005 | 20210927150511 |
| 007 | cr ||||||||||| |
| 008 | 150407|2007||||xxc|||||o f|0| 0 eng|d |
| 040 | |aCaOODSP|beng |
| 043 | |an-cn--- |
| 086 | 1 |aR74-21/2007E-PDF |
| 110 | 1 |aCanada. |bIndian and Northern Affairs Canada. |
| 245 | 10|aFrozen block method : |h[electronic resource]|bGiant Mine Remediation Project |
| 260 | |aYellowknife - Northwest Territories : |bIndian and Northern Affairs |c[June 2007]. |
| 300 | |a2p.|bcoloured figs. |
| 590 | |a15-02-Supp|b2015-02-16 |
| 690 | 07|aDecontamination|2gcpds |
| 690 | 07|aMining industry|2gcpds |
| 775 | 08|tLa méthode des blocs congelés : |w(CaOODSP)9.643496 |
| 856 | 40|ahttp://publications.gc.ca|qPDF|s920 KB|uhttps://publications.gc.ca/collections/collection_2014/aadnc-aandc/R74-21-2007-eng.pdf |
| 986 | |aQS-Y289-003-EE-A1 |